000 00381nam a2200145Ia 4500
008 230917s9999||||xx |||||||||||||| ||und||
040 _e44139
_aMAIN
041 _aEnglish
082 _a410 L995L
100 _aLyons, John
245 0 _aLanguage and linguestics: an introduction
260 _aCambridge
_bCambridge University Press
_c1981
300 _avii, 355 p.
942 _cBK
999 _c226303
_d226303